El Salvador: en una etapa definitoria del conflicto

Furkejuvvon:
Bibliográfalaš dieđut
Materiálatiipa: Texto
Fáttát:
Fáddágilkorat: Lasit fáddágilkoriid
Eai fáddágilkorat, Lasit vuosttaš fáddágilkora!

MARC

LEADER 00000 a a2200000 04500
001 18014
003
040
245 |a El Salvador:   |b en una etapa definitoria del conflicto  
650 |a CONFLICTOS  
650 |a MUERTE  
650 |a PARTIDOS POLITICOS  
650 |a EL SALVADOR  
773 |g volumen 4, número 49; páginas 569  
999 |c 39086  |d 39086 
773 0 |0 42391  |9 3867  |a Agencia Latinoamericana de Información, ALAI  |d Quito, Ecuador: ALAI  |o 04468  |t ALAI:  |x 08275564 (Servicio mensual de información y documentación)